Loading...
History - European History | 0 | 6 | 0 | 2 | 60 | 104 | 118.00 | 0 | 3 |
History - World History | 0 | 7 | 2 | 3 | 60 | 42 | 96.57 | 2 | 6 |
History - Other History | 0 | 6 | 0 | 0 | 60 | 50 | 88.83 | 1 | 5 |
Religion | 0 | 6 | 0 | 0 | 60 | 58 | 90.17 | 2 | 4 |
Social Science | 0 | 6 | 1 | 1 | 55 | 66 | 91.17 | 2 | 5 |
History - American History | 0 | 5 | 1 | 3 | 45 | 74 | 94.60 | 1 | 4 |
Literature - British Literature | 0 | 4 | 0 | 1 | 40 | 53 | 103.25 | 1 | 3 |
Philosophy | 0 | 3 | 0 | 0 | 30 | 99 | 103.33 | 1 | 2 |
Mythology | 0 | 3 | 0 | 0 | 30 | 78 | 95.67 | 1 | 2 |
Literature - European Literature | 0 | 3 | 2 | 0 | 20 | 113 | 122.67 | 0 | 3 |
Fine Arts - Painting and Sculpture | 0 | 2 | 0 | 0 | 20 | 124 | 126.50 | 0 | 2 |
Geography | 0 | 2 | 0 | 1 | 20 | 80 | 103.00 | 0 | 2 |
Literature - World Literature | 0 | 2 | 0 | 0 | 20 | 116 | 122.50 | 1 | 2 |
Fine Arts - Other Fine Arts | 0 | 2 | 1 | 0 | 15 | 45 | 53.50 | 2 | 2 |
Other Academic | 0 | 1 | 0 | 0 | 10 | 110 | 110.00 | 0 | 1 |
Science - Biology | 0 | 1 | 0 | 0 | 10 | 50 | 50.00 | 1 | 1 |
Science - Other Science | 0 | 1 | 0 | 0 | 10 | 120 | 120.00 | 0 | 1 |
Current Events | 0 | 0 | 1 | 0 | -5 | 0.00 | 0 | 0 |